[Event "Fall Chess Classic-B 2018"]
[Site "Saint Louis"]
[Date "2018.10.10"]
[Round "1"]
[White "Moradiabadi, Elshan"]
[Black "Boros, Denes"]
[Result "1-0"]
[WhiteElo "2534"]
[BlackElo "2439"]
[Annotator "TA"]
[PlyCount "95"]
[EventDate "2018.10.10"]
[EventType "tourn"]
[EventCountry "USA"]
[SourceTitle "playchess.com"]
[Source "ChessBase"]
[SourceQuality "1"]

{[%evp 33,95,51,51,52,51,49,50,48,57,53,67,7,9,2,19,15,24,0,20,-14,2,0,6,-81,11,-11,0,-8,21,6,29,33,33,36,25,19,54,52,41,72,131,121,298,248,216,189,377,383,445,447,1091,1027,2692,2547,5162,12825,5927,5246,3694,673,29994,29995,29995,29996]} 1. d4 Nf6 2. Nf3 d5 3. c4 e6 4. g3 Bb4+ 5. Bd2 Be7 6. Bg2 c6 7. O-O Nbd7 8. Qc2 b6 9. Rd1 O-O 10. Bf4 Bb7 11. Ne5 Nh5 12. Bc1 Nhf6 13. Bf4 Nh5 {E08: Closed Catalan: Main Line: 7 Qc2} 14. Bc1 Nhf6 15. Nc3 Rc8 16. e4 {[%cal Be2e4,Be4e5][%mdl 32]} dxc4 (16... Bb4 17. Bg5 Qc7 18. Nxd7 Nxd7 19. a3 Bxc3 20. Qxc3 dxc4 21. Bf4 Qd8 22. Bd6 {0-1 (76) Dominguez Perez,L (2739)-Caruana,F (2822) Saint Louis 2018}) 17. Nxc4 b5 {LiveBook: 23 Games} 18. Ne3 Qb6 19. b3 Rfe8 20. Bb2 Bf8 21. e5 Nd5 22. Ncxd5 ({Better is} 22. Qe2 $14) 22... cxd5 $11 23. Qe2 $146 a5 24. Bf1 b4 25. h4 Ra8 26. Qg4 Re7 27. Bd3 a4 28. Bc2 {[#]} (28. bxa4 $11 Rxa4 29. Qe2) 28... Bc6 ({Black should try} 28... a3 $1 $17 {[%cal Ra3b2]} 29. Bc1 f6 30. exf6 Nxf6) 29. Qf4 f6 30. Ng4 {[%cal Re5f6]} f5 31. Ne3 Rf7 32. g4 {[%cal Rg4f5]} g6 33. gxf5 gxf5 34. Kh2 axb3 35. Rg1+ Kh8 $1 36. Bxb3 Qa6 ({Black should play} 36... Qb8) 37. Rg2 Bg7 $2 (37... Qc8 $16 {was worth a try.}) 38. h5 h6 39. Rag1 $40 {[%mdl 128] White wants a kill.} Rg8 $2 {[#]} ({Much worse is} 39... Qe2 40. f3 $18) (39... Ra7 {was necessary.} 40. Nc2 (40. Rxg7 Rxg7 41. Qxh6+ Rh7 $11) 40... Ba4) 40. Ng4 $1 $18 {[%mdl 512]} Kh7 {Black hopes to continue with ...Bf8.} (40... fxg4 41. Qxf7) 41. Bc1 {[%cal Rg4h6]} Bf8 (41... Qe2 $142 42. f3 fxg4) 42. Nxh6 Rxg2+ 43. Rxg2 Rg7 44. Rxg7+ Bxg7 {[#]} 45. Nxf5 $1 {[%mdl 512]} exf5 46. h6 (46. Qxf5+ $142 Kh8 47. h6) 46... Bf8 47. Qxf5+ Kg8 48. Qg6+ {Precision: White = 63%, Black = 21%.} 1-0

[Event "Fall Chess Classic-B 2018"]
[Site "Saint Louis"]
[Date "2018.10.10"]
[Round "1"]
[White "Zierk, Steven"]
[Black "Gabuzyan, Hovhannes"]
[Result "0-1"]
[WhiteElo "2506"]
[BlackElo "2592"]
[Annotator "TA"]
[PlyCount "80"]
[EventDate "2018.10.10"]
[EventType "tourn"]
[EventCountry "USA"]
[SourceTitle "playchess.com"]
[Source "ChessBase"]
[SourceQuality "1"]

{[%evp 12,80,31,0,0,0,9,5,0,0,8,11,6,5,22,7,0,8,13,0,0,0,0,0,27,18,26,-6,0,-4,-11,-40,-40,-40,44,-40,-40,-40,-40,-40,-40,-40,-31,-40,-40,-40,-40,-76,-76,-105,-101,-128,-128,-128,-128,-202,-183,-204,-192,-192,-124,-191,-203,-338,-357,-5318,-959,-5314,-5314,-29990,-29991]} 1. d4 Nf6 2. Bf4 g6 3. e3 Bg7 4. Nf3 O-O 5. Be2 c5 6. c3 cxd4 {A48: Königsindisch (ohne c2-c4)} (6... b6 7. O-O Bb7 8. Nbd2 d6 9. h3 Na6 10. Bh2 Nc7 11. a4 Ne4 12. Nxe4 Bxe4 13. Nd2 Bc6 14. b4 Qc8 15. b5 Bd5 16. a5 f5 17. Re1 {1-0 (53) Caruana,F (2816)-Aronian,L (2764) Leuven 2018}) 7. cxd4 {LiveBook: 4 Partien} Qb6 8. b3 $146 ({Vorgänger:} 8. Qb3 Qxb3 9. axb3 d6 10. Nc3 Nc6 11. O-O Nh5 12. Bg3 Nxg3 13. hxg3 Bd7 14. Rfc1 {½-½ (132) Danielsen,H (2504)-Kjartansson,G (2357) Kopavogur 2012}) 8... d6 {Die Stellung ist ausgeglichen.} 9. Nc3 Nc6 10. O-O Bf5 11. Rc1 Rfc8 12. Nd2 Qd8 13. Bf3 Bd3 14. Re1 h6 15. Nde4 Nxe4 16. Qxd3 Nxc3 17. Rxc3 Qa5 {...Sxd4 ist eine echte Drohung.} 18. Rcc1 Rc7 19. a4 Rac8 {Und ...g5 würde nun gewinnen.} 20. Qb1 Nb4 21. Bxb7 Rxc1 $1 22. Rxc1 Rxc1+ 23. Qxc1 Nd3 24. Qd1 Nxf4 $40 {[%mdl 128] Schwarz startet einen Angriff.} 25. exf4 Bxd4 26. Bf3 e6 27. h4 Qc3 28. Be4 Bc5 29. Kf1 Qb4 30. Qf3 Qd2 31. g3 d5 32. Bd3 {[#]} Bxf2 $1 {[%mdl 512]} 33. h5 (33. Kg2 $17 {war nötig.}) (33. Qxf2 Qxd3+) 33... gxh5 $19 34. Be2 Qe1+ 35. Kg2 {[#]} Qg1+ $1 36. Kh3 {[#]} h4 $1 {[%cal Rh4g3]} 37. Qg4+ (37. gxh4 $142 Kf8 38. f5) 37... Kh7 {[%cal Rg1h1]} 38. Qxh4 $2 (38. Qf3) 38... Qh1+ 39. Kg4 Qe4 40. Bd1 Qd3 {Precision: Weiß = 41%, Schwarz = 85%.} 0-1

[Event "Fall Chess Classic-B 2018"]
[Site "Saint Louis"]
[Date "2018.10.10"]
[Round "1"]
[White "Ashwin, Jayaram"]
[Black "Holt, Conrad"]
[Result "1-0"]
[WhiteElo "2494"]
[BlackElo "2561"]
[Annotator "TA"]
[PlyCount "91"]
[EventDate "2018.10.10"]
[EventType "tourn"]
[EventCountry "USA"]
[SourceTitle "playchess.com"]
[Source "ChessBase"]
[SourceQuality "1"]

{[%evp 23,91,3,26,-12,8,-11,0,-20,17,10,21,0,2,2,14,14,14,19,31,29,41,32,74,0,10,6,96,96,96,86,110,111,111,112,112,111,112,103,189,190,167,45,47,38,33,29,32,0,0,0,569,0,0,0,0,0,6103,6103,6103,213,6103,6103,6103,6094,6094,6087,29976,29977,29971,29967]} 1. d4 d5 2. c4 c6 3. Nf3 Nf6 4. e3 Bg4 5. h3 Bxf3 6. Qxf3 e6 7. Bd3 Nbd7 8. O-O Bd6 9. Nc3 O-O {D11: Slav Defence: 3 Nf3 sidelines and 3...Nf6 4 e3 Bg4} 10. Bd2 dxc4 11. Bxc4 e5 12. Bb3 Qe7 {LiveBook: 5 Games} 13. Qf5 Rad8 14. Rad1 Bc7 $146 ({Predecessor:} 14... Rfe8 15. dxe5 Qxe5 16. Qxe5 Bxe5 {0-1 (43) Sargissian,G (2630)-Galstian,B (2448) Yerevan 2005}) 15. dxe5 Qxe5 (15... Bxe5 {keeps more tension.} 16. f4 Bc7 17. e4 Nc5 18. e5 Nxb3 19. exf6 Qc5+) 16. Qxe5 Nxe5 17. Ne2 Ne4 18. Bb4 c5 19. Bc3 Nxc3 20. Nxc3 c4 21. Bc2 Nd3 22. Bxd3 cxd3 23. e4 (23. Rd2 $1 $16) 23... Rfe8 24. Nd5 Bb6 (24... Ba5 $11) 25. Rxd3 $16 Rxe4 26. Rfd1 $36 {[%mdl 2048] White has strong initiative.} Kf8 27. Nxb6 Rxd3 28. Rxd3 axb6 {[%mdl 4096] Endgame KR-KR} 29. Rd8+ $1 Re8 30. Rd6 $1 Re6 (30... Re7 $16) 31. Rxe6 $1 $18 fxe6 {KP-KP} 32. Kf1 (32. Kh2 $1 $18) 32... Ke7 $14 33. Ke2 Kd6 $1 34. Kd3 Kd5 $1 35. a3 e5 36. f3 g5 $2 {[%mdl 8192] [#]} (36... b5 $1 $11 {and Black is okay.}) 37. b3 $2 (37. a4 $1 $18 Kd6 38. Ke4) 37... b5 $11 38. Ke3 h5 39. g3 h4 $2 {[%mdl 8192] [#]} (39... b4 $11 40. axb4 b5) 40. gxh4 $1 $18 gxh4 41. Kd3 $2 (41. b4 Kd6 42. Ke4) 41... Ke6 $2 (41... b4 42. axb4 Kc6 43. b5+ Kd5) 42. Ke4 Kd6 43. Kf5 Kd5 44. Kg5 Kd4 45. Kxh4 Kc3 46. b4 {Precision: White = 49%, Black = 40%.} 1-0

[Event "Fall Chess Classic-B 2018"]
[Site "Saint Louis"]
[Date "2018.10.10"]
[Round "1"]
[White "Chandra, Akshat"]
[Black "Azarov, Sergei"]
[Result "0-1"]
[WhiteElo "2471"]
[BlackElo "2565"]
[Annotator "TA"]
[PlyCount "70"]
[EventDate "2018.10.10"]
[EventType "tourn"]
[EventCountry "USA"]
[SourceTitle "playchess.com"]
[Source "ChessBase"]
[SourceQuality "1"]

{[%evp 17,70,9,12,10,12,12,17,0,0,0,0,-10,0,-17,5,0,2,0,0,-9,1,-14,0,0,23,-95,19,0,0,-14,0,-45,-58,-54,-54,-45,-38,-47,-45,-42,-41,-38,-50,-46,-46,-55,-46,-55,-42,-62,-22,-526,-535,-508,-508]} 1. d4 Nf6 2. c4 e6 3. g3 d5 4. Bg2 Bb4+ 5. Nd2 O-O 6. Ngf3 b6 7. O-O Bb7 8. b3 {E16: Queen's Indian: 4 g3 Bb7 5 Bg2 Bb4+} Nbd7 9. Bb2 Re8 {LiveBook: 6 Games} (9... c5 10. a3 Bxd2 11. Nxd2 Rc8 12. b4 cxd4 13. Bxd4 e5 14. Bb2 Qe7 15. Rc1 Rfd8 {½-½ (72) Wei,Y (2729)-Le,Q (2728) Danzhou 2018}) 10. e3 {The position is equal.} a5 $146 ({Predecessor:} 10... Rc8 11. Qe2 Nf8 12. Rfd1 Ng6 13. Rac1 Qe7 14. Ne5 c6 15. Ndf3 Ne4 16. Nxg6 hxg6 {½-½ (71) Raki,J-Kaunonen,K Karhula 2004}) 11. a3 Bd6 12. Qc2 Rc8 13. Bc3 c5 14. Rfd1 Bf8 15. Qb2 h6 16. Rac1 cxd4 17. Nxd4 Nc5 {Hoping for ...Nd3.} 18. Qb1 Qe7 19. Nb5 Red8 {[%cal Be8d8,Bd8d5,Bd5d2,Bd2b2][%mdl 32]} 20. Bd4 e5 21. Ba1 (21. Bxc5 $1 $11 Rxc5 22. a4) 21... e4 (21... dxc4 $17 {And now ...Bxg2 would win.} 22. Nxc4 Bxg2 23. Kxg2 Qb7+ 24. f3 e4 25. Bxf6 exf3+ 26. Kg1 Rxd1+ 27. Rxd1 Ne4 28. Bxg7 f2+ 29. Kf1 Bxg7) 22. Bxf6 (22. cxd5 {looks sharper.} Rxd5 23. Bd4 Rdd8 24. Nc4 Nd5 25. Bh3) 22... Qxf6 23. cxd5 Rxd5 24. Nxe4 Nxe4 25. Bxe4 Rxc1 26. Rxc1 Rd2 27. Rf1 $1 Rb2 $40 {[%mdl 128] Black attacks.} 28. Qd3 Bxe4 29. Qxe4 Rxb3 30. a4 $1 Rb4 31. Qc2 $1 Bc5 32. h4 g6 33. Nc3 {Black must now prevent Nd5.} Qe5 {aiming for ...Rc4.} 34. Rd1 $2 {[%mdl 8192]} (34. Qd3 $11 {and White stays safe.}) 34... Rc4 $19 35. Rd3 {[#]} Bb4 $1 {Precision: White = 38%, Black = 56%.} 0-1

[Event "Fall Chess Classic-B 2018"]
[Site "Saint Louis"]
[Date "2018.10.10"]
[Round "1"]
[White "Yoo, Christopher Woojin"]
[Black "Jacobson, Brandon"]
[Result "0-1"]
[WhiteElo "2410"]
[BlackElo "2412"]
[Annotator "TA"]
[PlyCount "110"]
[EventDate "2018.10.10"]
[EventType "tourn"]
[EventCountry "USA"]
[SourceTitle "playchess.com"]
[Source "ChessBase"]
[SourceQuality "1"]

{[%evp 19,110,24,22,33,33,0,43,23,50,-8,0,0,0,0,0,-85,-63,-81,-74,-105,-11,0,0,-11,18,-70,-75,-66,0,-100,-94,-160,-167,-162,-150,-158,-108,-370,-377,-392,-387,-381,-369,-362,-365,-353,-281,-278,-287,-285,-262,-279,-278,-287,-280,-263,-267,-259,-262,-256,-255,-318,-238,-306,-170,-325,-324,-323,-316,-297,-273,-478,-472,-488,-472,-618,-603,-29966,-29967,-29959,-12554,-6674,-6754,-29978,-29979,-29977,-29975,-29984,-29985,-29986,-29987,-29987,-29988]} 1. e4 c5 2. Nf3 Nc6 3. d4 cxd4 4. Nxd4 Nf6 5. Nc3 d6 6. Bg5 e6 7. Qd2 a6 8. O-O-O Bd7 9. f4 Be7 10. Be2 Rc8 11. Nb3 {B68: Sicilian: Richter-Rauzer: 7...a6 8 0-0-0 Bd7 9 f4 Be7} b5 12. Bxf6 (12. Bf3 b4 13. Ne2 a5 14. Kb1 a4 15. Nbd4 Na5 16. e5 Nc4 17. Qc1 dxe5 18. Nc6 Qb6 19. Nxe7 Kxe7 20. fxe5 Nxe5 {½-½ (32) Rebord,M (2481)-Saglione,E (2529) ICCF email 2011}) 12... gxf6 13. f5 $146 {White is slightly better.} ({Predecessor:} 13. a3 Qb6 14. f5 O-O 15. Rhf1 Kh8 16. Rf4 {½-½ (49) Krzyzanowski,A (2339)-Pichushkin,V (2277) ICCF email 2014}) 13... h5 {With the idea ...b4.} 14. Bd3 (14. a3 $14) 14... Qb6 $11 15. Kb1 b4 16. Ne2 a5 {[%cal Ba6a5,Ba5a4][%mdl 32]} 17. Qe1 (17. Nf4 $11 {keeps the balance.}) 17... a4 $17 18. Nd2 Ne5 19. Nf3 b3 (19... Nxd3 $17 20. Rxd3 a3) 20. cxb3 $1 $11 axb3 21. a3 Rg8 22. Ng3 (22. fxe6 $11 fxe6 23. Nxe5 dxe5 24. g3) 22... Nxd3 $15 23. Rxd3 Rc2 ({Black should try} 23... e5 $1 $15) 24. Nd2 (24. Nd4 $11) 24... Ba4 $17 25. fxe6 ({Better is} 25. Nxb3 Rc7 26. Qe3 Qxe3 27. Rxe3) 25... fxe6 26. Rg1 Qb5 27. Qe3 {[%cal Rd2b3]} Qe5 $40 {[%csl Gc2][%cal Re5b2][%mdl 128] Black is out for blood.} 28. Rd4 $2 {[%mdl 8192]} (28. Qd4 $17 {was forced.} Kf7 29. Nxb3) 28... Qc5 $19 {( -> ...Rxb2+!)} 29. Qd3 Bb5 30. Qxb3 {Rd1 is the strong threat.} Rxd2 $1 (30... Qxd4 31. Qxb5+ Kf8 32. Kxc2 $17) 31. Rxd2 {Hoping for Rc1.} Qxg1+ 32. Ka2 Qc5 {And now ...Bc4 would win.} ({Less strong is} 32... Qxh2 33. Qxb5+ Kf7 34. Nf1 $11) (32... Bd7 33. Nf5 $1 $19 {[%mdl 512]}) 33. Rc2 Qe5 34. Nf5 Rf8 35. Rc8+ Kd7 36. Rxf8 Bxf8 37. Nd4 Bc6 $1 ({But not} 37... Qxd4 38. Qxb5+ Kc7 39. Qa5+ Kd7 40. Qb5+ Kd8 41. Qb8+ Ke7 42. Qb7+ Ke8 43. Qb5+ Kd8 44. Qb8+ Ke7 45. Qb7+ Ke8 46. Qb5+ Kd8 $19) 38. Nxc6 Kxc6 39. Qb8 Bh6 ({Stronger than} 39... Qxh2 40. Qxf8 Qxg2 41. Qc8+ Kb6 42. Qxe6 $11) 40. Qc8+ Kb6 41. Qb8+ Ka6 (41... Kc5 $142 42. Kb3 Bd2 43. Qa7+ Kc6 44. Qa8+ Kc7 45. Qa7+ Kd8 46. Qa8+ Ke7 47. Qb7+ Kf8) 42. Qa8+ $2 (42. a4) 42... Kb5 $1 43. Kb3 {[#]} d5 $1 44. a4+ {[#]} Kc5 $1 45. Qc8+ $2 (45. Qa5+ {is a better defense.} Kc6 46. Qb5+ Kd6 47. Qb8+ Kd7 48. Qb5+ Kd8 49. exd5) 45... Kb6 46. Qd8+ Kb7 47. a5 Be3 48. exd5 Qxd5+ 49. Qxd5+ exd5 {[%mdl 4096] Endgame KB-KP} 50. Kc3 Ka6 51. b4 Kb5 {Black mates.} 52. Kd3 Ba7 53. a6 Kxb4 54. h4 f5 55. Ke2 Kc3 {Precision: White = 32%, Black = 83%.} 0-1

[Event "Fall Chess Classic-B 2018"]
[Site "Saint Louis"]
[Date "2018.10.11"]
[Round "2"]
[White "Gabuzyan, Hovhannes"]
[Black "Ashwin, Jayaram"]
[Result "1-0"]
[WhiteElo "2592"]
[BlackElo "2494"]
[Annotator "TA"]
[PlyCount "71"]
[EventDate "2018.10.10"]
[EventType "tourn"]
[EventCountry "USA"]
[SourceTitle "playchess.com"]
[Source "ChessBase"]
[SourceQuality "1"]

{[%evp 16,71,0,-8,-9,-16,-8,-28,-30,-37,-36,-43,-27,-42,-10,-39,-45,-56,-45,-54,-53,-87,-43,-60,-39,-45,-58,-66,-65,-74,-28,-33,62,61,68,64,106,97,133,141,125,107,388,360,362,337,666,625,29992,29993,29995,29996,29996,29997,29997,29998,29998,29999]} 1. Nf3 Nf6 2. g3 c5 3. Bg2 Nc6 4. O-O e5 5. e4 d6 6. Re1 g6 7. c3 Bg7 8. d3 O-O 9. a3 {LiveBook: 93 Games} Be6 {A05: Réti Opening: 1 Nf3 Nf6} (9... h6 10. b4 b6 11. b5 Ne7 12. a4 a6 13. Na3 Be6 14. Bb2 Nd7 15. bxa6 Rxa6 16. Nb5 d5 17. exd5 Nxd5 {0-1 (62) Saric,I (2664)-Zherebukh,Y (2636) chess.com INT 2018}) 10. b4 a6 11. Bb2 $146 ({Predecessor:} 11. Nbd2 h6 12. Bb2 Nd7 13. Rb1 b5 14. d4 cxd4 15. cxd4 exd4 16. Nb3 Bxb3 17. Qxb3 {0-1 (35) Franciosi,F (2139)-Janev,E (2409) Bratto 2015}) 11... Nd7 {Black has an edge.} 12. Nbd2 b5 13. Rb1 Nb6 14. Ba1 Qe7 15. Qe2 (15. d4 $5 exd4 16. cxd4 cxd4 17. Nb3 $15) 15... Rac8 16. Qe3 Na4 17. Rbc1 Qa7 18. h4 h5 19. Nf1 Rfd8 20. Ng5 Bh6 {And now ...f6 would win.} 21. Qe2 Bg4 22. Qa2 Qe7 23. Ne3 Nb6 ({Black should play} 23... Rf8 $15) 24. bxc5 $14 dxc5 25. Nd5 $36 {[%mdl 2048] White is pushing.} Nxd5 26. exd5 Na5 {[#]} 27. c4 $1 f6 {[#]} 28. cxb5 $1 {d6+ is the strong threat.} Kf8 $2 {[%mdl 8192]} ({Avoid the trap} 28... fxg5 $2 29. d6+ Qe6 30. Bd5 $18) (28... c4 $16) 29. bxa6 $18 fxg5 30. Rxe5 Qd6 $2 (30... Qf7) 31. Rce1 Qxa6 32. Qb2 {White mates.} Rb8 {[#]} 33. Re8+ $1 {[%mdl 512]} Rxe8 34. Qh8+ Kf7 35. Qh7+ Kf8 36. Qxh6+ {Precision: White = 63%, Black = 46%.} 1-0

[Event "Fall Chess Classic-B 2018"]
[Site "Saint Louis"]
[Date "2018.10.11"]
[Round "2"]
[White "Azarov, Sergei"]
[Black "Boros, Denes"]
[Result "0-1"]
[WhiteElo "2565"]
[BlackElo "2439"]
[Annotator "TA"]
[PlyCount "78"]
[EventDate "2018.10.10"]
[EventType "tourn"]
[EventCountry "USA"]
[SourceTitle "playchess.com"]
[Source "ChessBase"]
[SourceQuality "1"]

{[%evp 19,78,8,37,0,13,18,20,0,8,23,20,0,6,12,24,15,16,-12,-27,-46,-48,-58,14,0,0,-155,-170,-198,-133,-127,-148,-281,-241,-220,-225,-256,-250,-337,-333,-311,-325,-365,-285,-484,-477,-502,-502,-493,-487,-497,-489,-524,-433,-406,0,-545,-558,-519,-537,-602,-575]} 1. e4 e5 2. Nf3 Nf6 3. Nxe5 d6 4. Nf3 Nxe4 5. Nc3 Nxc3 6. dxc3 Be7 7. Be3 O-O 8. Qd2 {C42: Petroff Defence: 3 Nxe5 and unusual White 3rd moves} Nd7 (8... b6 9. O-O-O Bb7 10. h4 Nd7 11. Bd3 Re8 12. Kb1 Bf6 13. Rh3 Nc5 14. Bxc5 bxc5 15. g4 c4 16. Bxc4 {½-½ (26) Caruana,F (2822)-Mamedyarov,S (2808) Stavanger 2018}) 9. O-O-O c6 10. c4 Ne5 {LiveBook: 3 Games} 11. Bf4 Bg4 12. Be2 Re8 $146 ({Predecessor:} 12... Bxf3 13. gxf3 Qb6 14. Be3 Qa6 15. a3 Nxc4 {1-0 (48) Sahoo,U (2219)-Solanke,V (1833) Mumbai 2009}) 13. Kb1 Qb6 14. Be3 Qc7 $1 15. h3 Be6 16. b3 Rad8 17. Nd4 Bc8 18. f4 Nd7 {[%cal Be5d7,Bd7f6,Bf6e4][%mdl 32]} 19. Bf3 Nf6 $1 20. g4 Bf8 (20... d5 $15 21. Qd3 Bb4 22. cxd5 Nxd5 23. Bxd5 Rxd5) 21. f5 d5 22. g5 $2 {[#]} ({White should play} 22. Bf4 $11 Qb6 23. Qd3) 22... Ne4 $17 23. Qd3 Qe5 (23... dxc4 $19 24. Qxc4 Qg3) 24. Bxe4 Qxe4 25. Bf2 (25. Qxe4 $17 Rxe4 26. Bg1) 25... c5 26. Qxe4 Rxe4 27. Nb5 Re2 ({Not} 27... Bxf5 28. Nc3 $17) 28. Bh4 Bxf5 29. Na3 d4 {Hoping for ...d3.} 30. Kc1 Rde8 31. Rd2 $2 (31. Bg3) 31... Bd6 $19 32. Rxe2 Rxe2 33. Kd1 Rg2 34. Re1 g6 35. Re2 Rg1+ 36. Re1 Rg2 37. Re2 $1 {[%cal Re2g2]} Bxh3 {[#] Strongly threatening ...Bg4.Black is clearly winning.} 38. Rxg2 Bxg2 39. Nb5 Bb8 {Precision: White = 25%, Black = 64%.} 0-1

[Event "Fall Chess Classic-B 2018"]
[Site "Saint Louis"]
[Date "2018.10.11"]
[Round "2"]
[White "Holt, Conrad"]
[Black "Moradiabadi, Elshan"]
[Result "1-0"]
[WhiteElo "2561"]
[BlackElo "2534"]
[Annotator "TA"]
[PlyCount "151"]
[EventDate "2018.10.10"]
[EventType "tourn"]
[EventCountry "USA"]
[SourceTitle "playchess.com"]
[Source "ChessBase"]
[SourceQuality "1"]

{[%evp 13,151,38,48,0,0,0,43,39,41,43,56,31,36,0,0,0,0,0,0,0,0,0,0,0,0,-48,-42,-23,62,42,48,41,47,40,37,47,48,52,31,40,60,55,68,46,50,64,67,64,70,15,77,22,33,0,0,0,0,0,0,0,0,0,33,0,0,0,112,12,16,10,63,23,57,62,85,80,177,147,119,141,173,223,200,178,181,166,181,175,225,203,560,545,693,651,835,835,835,835,947,609,596,596,596,596,592,588,513,137,1240,1237,1240,1240,1240,1240,1240,1240,1240,1240,1233,0,0,0,0,0,0,0,835,722,2406,2330,1813,1235,4610,405,405,405,397,397,29984,29985]} 1. d4 Nf6 2. c4 e6 3. Nf3 Bb4+ 4. Nbd2 O-O 5. a3 Be7 6. e4 d6 {E11: Bogo-Indian} (6... d5 7. e5 Nfd7 8. Bd3 c5 9. O-O Nc6 10. Re1 a5 11. Qc2 h6 12. Nb3 dxc4 13. Bxc4 cxd4 14. Qe4 a4 15. Bxh6 axb3 16. Bxg7 Kxg7 17. Qg4+ Kh8 18. Qh5+ Kg7 19. Qg4+ Kh8 20. Qh5+ Kg7 21. Qg4+ {½-½ (21) Vitiugov,N (2740)-Tomashevsky,E (2714) Sochi 2018}) 7. Bd3 c5 {LiveBook: 26 Games} 8. dxc5 dxc5 {The position is equal.} 9. Qc2 Nc6 10. e5 Ng4 $146 ({Predecessor:} 10... Nd7 11. Bxh7+ Kh8 12. Be4 Ndxe5 13. O-O f5 14. Nxe5 Nxe5 {0-1 (62) Hamilton,G (1957)-Orr,M (2085) Ayr 2018}) 11. Bxh7+ Kh8 12. O-O Ngxe5 13. Re1 Nxf3+ 14. Nxf3 g6 $1 15. Bxg6 $1 fxg6 16. Qxg6 Rf6 {[%cal Bf8f6,Bf6g6,Bg6g5][%mdl 32]} 17. Qh5+ Kg7 $1 18. Bg5 Rg6 $1 19. Bxe7 Qxe7 20. Re4 Bd7 (20... Qf6 $11) 21. Nh4 $1 $36 {[%mdl 2048] White has good play.} (21. Rh4 Rg8 $17) 21... Rg5 {[#]} 22. Nf5+ $1 {[%mdl 512]} Rxf5 (22... exf5 23. Rxe7+) 23. Rg4+ Kf6 24. Rg6+ Ke5 $1 25. Re1+ Kd6 26. Qxf5 $1 Rf8 27. Qg4 Qf7 28. Qg3+ Qf4 29. h4 Qxg3 30. fxg3 Rh8 31. Re4 (31. Rg5 $14) 31... Nd4 (31... a5 $11 {remains equal.}) 32. Kh2 (32. Reg4 $16) 32... Be8 33. Rg7 Nf5 34. Rg5 b6 35. Kg1 Ne7 36. Re2 Nf5 37. Re4 Ne7 38. Re1 Nf5 39. b4 Bf7 (39... Ba4 $11) 40. Kh2 (40. bxc5+ $1 $16 bxc5 41. g4) 40... Be8 $11 41. Kh3 Bf7 (41... Ba4 $11) 42. Kg4 cxb4 43. axb4 Rc8 44. Rc1 a5 (44... Ne3+ $16 {was called for.} 45. Kh3 e5) 45. bxa5 $1 $18 bxa5 46. Kh3 $1 Ra8 47. g4 $1 {[%cal Bg3g4,Bg4g5,Bg5g6][%mdl 32]} Nd4 48. Rg7 Bg8 49. h5 a4 50. h6 a3 51. g5 a2 $2 (51... e5) 52. Ra1 e5 {[#]} 53. c5+ $1 {[%mdl 512]} Kxc5 {[#] ...Be6+ is the strong threat.} 54. Rxg8 $1 {[%mdl 512]} Rxg8 {[%mdl 4096] Endgame KRN-KR} 55. h7 $1 {[%cal Rh7g8]} Rf8 56. g6 {And now g7 would win.} Ne6 57. Kg4 (57. Rxa2 Nf4+ 58. Kg4 Nxg6 $11) 57... e4 58. Rxa2 e3 59. Ra6 Ng7 60. Rf6 $2 (60. Ra7 $1 $18 {[%cal Ra7g7]} Kd6 61. Rxg7) 60... Re8 $2 {[%mdl 8192]} (60... Rxf6 $16 61. h8=Q e2 62. Qc8+ (62. Qxg7 Rxg6+ 63. Qxg6 e1=Q $16) 62... Rc6 63. Qf8+ Kb5 64. Qb8+ Ka6 65. Qa8+ Kb5 66. Qb7+ Ka5 67. Qa7+ (67. Qxc6 e1=Q $16) 67... Kb5 68. Qb8+ Ka6 69. Qa8+ Kb5 70. Qb7+ Ka5 71. Qa7+ (71. Qxc6 e1=Q $16) 71... Kb5 72. Qb7+) 61. Rf1 Kd4 62. Kg5 $1 e2 63. Re1 $1 Ke3 {[#]} 64. g4 $1 Rf8 65. Kh6 Ne6 {[#]} 66. Rh1 $2 ({White should play} 66. Rxe2+ $1 $18 {[%mdl 512]} Kxe2 67. g5) 66... Rf1 $11 {[%cal Rf1h1]} 67. Rh3+ Rf3 {[%cal Rf3h3]} 68. Rh5 e1=Q {( -> ...Qc3)} 69. h8=Q {Hoping for Qe5+.} (69. Re5+ Kf4 70. h8=Q Qxe5 71. Qxe5+ Kxe5 72. g7 Kf6 73. g8=N+ Kf7 74. Kh7 Rh3+ 75. Nh6+ Kf6 76. g5+ Nxg5+ 77. Kh8 Rxh6+ 78. Kg8 Rh3 79. Kf8 Rh8#) 69... Qd2 $2 {[%mdl 8192]} (69... Kf4 $11 70. g7 Nxg7 71. Qf8+ (71. Qxg7 Qe6+ 72. Qg6 Qxg6+ 73. Kxg6 Kxg4 $11) 71... Kg3 72. Qd6+ (72. Qxg7 $2 Qe6+ 73. Kh7 Rf7 $19) 72... Rf4 73. Kxg7 Qb4) 70. Qe5+ $18 Kd3+ 71. g5 Qa2 72. Rh1 Re3 73. Rd1+ (73. Qf5+ $142 Kd4 74. g7) 73... Ke2 {[#]} 74. Re1+ $1 {[%mdl 512]} Kxe1 75. Qxe3+ Kd1 $2 (75... Kf1 $18 76. Qh3+ Kg1) 76. Qg1+ {Precision: White = 57%, Black = 50%.} 1-0